000 00880nam a2200205Ia 4500
001 853-DON ro se (9642)
003 IT-MiSPE
008 171229s9999||||xx |||||||||||||| ||und||
040 _aIT-MiSPE
_cIT-MiSPE
041 _aITALIANO
100 _aRodolfo Doni
245 0 _aSevo inutile
250 _a1a ed. (v)
260 _aMilano
_bRusconi
_c1982
300 _a185 p.
_c21 cm
501 _aEdizioni San Paolo srl - Piazza Soncino, 5 - 20092 CINISELLO BALSAMO (MI) (non commercial uses only) ® Copyright 2018
942 _cBK
957 _71
999 _a18194
_bNO
_g Copie: 1
_c354301
_d354301